000 00615nam a2200241Ia 4500
001 21645
003 GE_BSU
008 181216s||||||||xx |||||||||||||| ||und||
020 _a9783191017217
040 _cGE_BSU
080 _a811.112
100 _aDinsel,Sabine .Susanne Geiger.
245 _aGroBes Ubungsbuch Deutsch - Grammatik:Niveau A2-B-2
245 _bNiveau A2-B-2
260 _aHueber
260 _bverlag
260 _c2009
300 _a296p;ill;23cm.
541 _h15Gel.
653 _aGroBes Ubungsbuch Deutsch - Grammatik
653 _aგერმანული ენა
942 _cBK
999 _c54579
_d54579